000 00441pam a2200157a 44500
008 230515b1976 xxu||||| |||| 00| 0 eng d
020 _aNULL
041 _aENGLISH
082 _a630
100 _a7436-1976
245 _aGUIDE FOR TYPE OF MEASUREMENTS FOR STRUCTURES IN RIVER VALLEY PROJECTS AND CRITERIA FOR CHOICE AND LOCATION OF MEASURING INSTRUMENTS
250 _a0
260 _aDELHI
_bISI
_c1976
300 _a12
650 _aNULL
999 _c652015
_d652015